000 00232nam a2200097Ia 4500
008 170619s9999 xx 000 0 und d
100 _aMitra- Barun
245 0 _aPersonality Development and Soft Skills
260 _bOxford
260 _c2012
546 _aENGLISH
999 _c20870
_d20870